8 to 1 Border Challenge Quiz Stats

Quiz Updated May 29, 2017

Challenge
Share
Tweet
Embed
Score 0/36 Timer 05:00
17 Plays Today
% Correct
United States
96.7%
Germany
95.8%
Norway
95%
Finland
94.9%
Russia
91.1%
Iraq
87.3%
South Africa
86.7%
Croatia
86.3%
Israel
85.1%
Czechia
84.6%
Slovakia
84%
Turkey
83.1%
Hungary
81.4%
Jordan
81.3%
Montenegro
80.9%
Guatemala
80.2%
Lithuania
80%
Ukraine
80%
% Correct
Bosnia and Herzegovina
79.1%
Romania
78.9%
Lebanon
78.9%
Belarus
78.7%
Kosovo
78.2%
Niger
78.2%
Bulgaria
77.3%
Macedonia
77.2%
Belize
76.7%
Afghanistan
76%
Uzbekistan
75.5%
Sudan
74.9%
Kyrgyzstan
73%
Libya
72.2%
Nigeria
72.2%
China
67.3%
Central African Republic
64.3%
Cameroon
50%

You're not logged in!

Compare scores with friends on all Sporcle quizzes.
Sign Up with Email
OR
Log In

You Might Also Like...

Show Comments

Extras

Top Quizzes Today


Score Distribution

Your Account Isn't Verified!

In order to create a playlist on Sporcle, you need to verify the email address you used during registration. Go to your Sporcle Settings to finish the process.

Report this User

Report this user for behavior that violates our Community Guidelines.

Details: